| 000 | 00725nas a2200241 4500 | ||
|---|---|---|---|
| 001 | BR8905249 | ||
| 003 | BR-BrBNA | ||
| 005 | 20231205091742.0 | ||
| 007 | ta | ||
| 008 | 230509b bl.|||p| |||| 00| 00por d | ||
| 040 |
_aBR-BrBNA _bpor _cBiblioteca Nacional de Agricultura |
||
| 041 | _a(Pt) | ||
| 072 | _aL02 | ||
| 100 | 1 | _aNardon, R.F. | |
| 100 | 1 | _aLobato, J.F.P. | |
| 100 | 1 | _aCoelho Junior, W. | |
| 245 | 1 | _aEfeito das pastagens nativas e melhoradas no ganho em peso de terneiras desmamadas | |
| 650 | _aPASTAGEM NATURAL | ||
| 650 | _aBEZERRO | ||
| 773 | 0 |
_tZootecnia (Brazil) _xISSN 0044-5320 _g(Apr-Jun 1987), v. 25(2) p. 91-105 _wBR8905249 |
|
| 909 |
_a202311 _bLúcia _c55 _dLúcia Elande |
||
| 942 |
_2AGRIS _n0 _cANA |
||
| 999 |
_c127113 _d127113 |
||